000 01408nam a22002057a 4500
999 _c63151
_d63151
005 20251125233102.0
008 s2553 th tha d
040 _aNALT
041 _atha
090 _aIS 5/2553 39
100 0 _aพุทธชาติ ทองเอม
245 1 0 _aการเพิ่มประสิทธิภาพการให้บริการทางวิชาการด้านสิ่งแวดล้อมแก่สมาชิกสภาผู้แทนราษฎรของสำนักวิชาการ สำนักงานเลขาธิการสภาผู้แทนราษฎร (เอกสารวิชาการกรณีศึกษาส่วนบุคคล)
260 3 _aกรุงเทพฯ :
_bรัฐสภา,
_c2553
300 _a81 หน้าแผนภาพ ;
_b 30 ซม.
650 0 4 _aสำนักงานเลขาธิการสภาผู้แทนราษฎร. สำนักวิชาการ. กลุ่มงานบริการวิชาการ 3 -- การศึกษาเฉพาะกรณี -- งานบริการทางวิชาการ
850 _aNALT
856 4 0 _uhttps://hdl.handle.net/20.500.14156/18459
942 _cIS
_2local